• 首页
  • 本馆介绍
  • 公告通知
  • 最新文献
  • 馆藏检索
  • 电子资源
  • 读者导购
  • 参考咨询
  • 我的图书馆
  • 登录
  • 详细信息显示
  • 放入我的书架
  • 预约/预借图书
  • 作者相关作品
  • 分类相关作品
  • 丛书相关作品
  • 出版社相关作品

书目信息

  • 表格格式
  • 工作单格式
  • 卡片格式
题名:
毛泽东主席照片选集
    
 
作者: ;《中国摄影》编辑部 编
分册:  
出版信息: 北京   人民美术出版社  1979
页数: 全一册
开本: 38cm
丛书名:
单 册:
中图分类: A756
科图分类:
主题词: 毛泽东--生平事迹 , 毛泽东--传记
电子资源:
ISBN:
000 00662nam0 2200205 450
001 0734932928
005 20071102095741.45
010    @dCNY55.00
100    @a20071102d1979 km y0chiy0120 ea
101 0  @achi
102    @aCN@b110000
200 1  @a毛泽东主席照片选集@Amao ze dong zhu xi zhao pian xuan ji@f《中国摄影》编辑部编@F《zhong guo she ying》bian ji bu bian
210    @a北京@c人民美术出版社@d1979
215    @a全一册@d38cm
606 0  @a毛泽东@x生平事迹
606 0  @a毛泽东@x传记
690    @aA756@v4
711 02 @a《中国摄影》编辑部@A《zhong guo she ying》bian ji bu@4编
801  0 @aCN@b大连网信软件有限公司图书馆·11@c20071102
905    @aZUCC@dA756@e194
    
    毛泽东主席照片选集/《中国摄影》编辑部编.-北京:人民美术出版社,1979
    全一册;38cm
    
    
    ISBN :CNY55.00
    
●
相关链接 在E读中查询图书 在五车中查询图书 在当当中查询图书 在豆瓣中查询图书


正题名:毛泽东主席照片选集     索取号:A756/194         预约/预借

序号 登录号 条形码 馆藏地/架位号 状态 备注
1 0792514   207925147   古籍典藏专区/ [索取号:A756/194] 在馆    
唐山师范学院图书馆 欢迎您!
大连网信软件有限公司© 版权所有